| 000 | 00358nam a2200157Ia 4500 | ||
|---|---|---|---|
| 008 | 230917s9999||||xx |||||||||||||| ||und|| | ||
| 040 |
_e138739 _aMAIN |
||
| 041 | _aEnglish | ||
| 082 | _a346.03 W726T | ||
| 100 | _aWinfield | ||
| 245 | 0 | _aTort | |
| 250 | _a17th ed. | ||
| 260 |
_aLondon _bSweet & Maxwell _c2006 |
||
| 300 | _aciii, 1143 p. | ||
| 942 | _cBK | ||
| 999 |
_c140344 _d140344 |
||